Trois solitaires (Record no. 27644)

MARC details
000 -LEADER
campo de control de longitud fija 00606nam a2200205 i 4500
001 - NÚMERO DE CONTROL
campo de control 27644
003 - IDENTIFICADOR DE NÚMERO DE CONTROL
campo de control ES-MaACL
005 - FECHA Y HORA DE LA ÚLTIMA TRANSACCIÓN
campo de control 20230906153654.0
007 - CAMPO FIJO DE DESCRIPCIÓN FÍSICA--INFORMACIÓN GENERAL
campo de control de longitud fija t|
008 - DATOS DE LONGITUD FIJA--INFORMACIÓN GENERAL
campo de control de longitud fija 030115s1934 fr ||||1| fre d
100 1# - ENTRADA PRINCIPAL--NOMBRE DE PERSONA
Nombre de persona Arbelet, Paul.
9 (RLIN) 22383
245 10 - MENCIÓN DEL TÍTULO
Título Trois solitaires
Resto del título : (Courier-Stendhal-Merimée) /
Mención de responsabilidad, etc. par Paul Arbelet.
250 ## - MENCION DE EDICION
Mención de edición [7eme ed.].
260 ## - PUBLICACIÓN, DISTRIBUCIÓN, ETC.
Lugar de publicación, distribución, etc. París :
Nombre del editor, distribuidor, etc. Gallimard,
Fecha de publicación, distribución, etc. [1934] (
Lugar de fabricación/manufactura Clichy :
Fabricante Paul Dupont)
300 ## - DESCRIPCIÓN FÍSICA
Extensión 286 p. ;
Dimensiones 19 cm.
490 1# - MENCIÓN DE SERIE
Mención de serie Les vies paralleles
830 0# - PUNTO DE ACCESO ADICIONAL DE SERIE-TÍTULO UNIFORME
Título uniforme Les vies paralleles
9 (RLIN) 229220
852 ## - LOCALIZACIÓN
Ubicación ES-MaACL
Número de control de estantería A-3875
Sublocalización o colección R.15277
Holdings
Estatus retirado Estado de pérdida Estado de daño No para préstamo Biblioteca de origen Biblioteca actual Ubicación en estantería Fecha de adquisición Fuente de adquisición Total de préstamos Signatura topográfica completa Código de barras Visto por última vez Precio de reemplazo Tipo de ítem Koha
        Biblioteca del Ateneo de Madrid Biblioteca del Ateneo de Madrid Sala Pecera Planta 1 17/01/2008     A-3875 1028545 23/02/2023 23/02/2023 Libro impreso